000 00668cam a22002171 4500
001 ca 36001494
003 DLC
005 20260227111143.0
008 790625s1932 ohu 000 0 eng
010 _aca 36001494
035 _a(OCoLC)5107286
040 _aDLC
_cOCl
_dDLC
042 _apremarc
050 0 0 _aPS3515.U2735
_bM8 1932
082 _a812.5
100 1 _aHughes, Glenn,
_d1894-1964.
245 1 0 _aMuch ado about loving,
_ba farce in one act,
_cby Glenn Hughes; for 2 men and 3 women.
260 _aFranklin, O[hio],
_aDenver, Colo.,
_bEldridge entertainment house, inc.,
_cc1932.
300 _a24 p.
_c19 cm.
490 0 _aEldridge popular one act plays
999 _c18307
_d18307